Normal view
MARC view
Entry Personal Name
001 - CONTROL NUMBER
- control field: 539972
003 - CONTROL NUMBER IDENTIFIER
- control field: OSt
005 - DATE AND TIME OF LATEST TRANSACTION
- control field: 20220930080835.0
008 - FIXED-LENGTH DATA ELEMENTS
- fixed length control field: 220930|| aca||aabn | a|a d
040 ## - CATALOGING SOURCE
- Original cataloging agency: OSt
- Transcribing agency: OSt
100 ## - HEADING--PERSONAL NAME
- Personal name: Bansal Abhishek
670 ## - SOURCE DATA FOUND
- Source citation: Work cat.: (OSt)870510: Bansal Abhishek, Evaluation of the role of shoulder arthroscopy in patients presenting with chronic shoulder pain and its correlation with clinical and radiographic findings, 2007
